[Event "Sautron op 15th"]
[Site "Sautron"]
[Date "2015.10.23"]
[Round "4.35"]
[White "Richard, Emma"]
[Black "Rocq, Christian"]
[Result "1-0"]
[WhiteElo "2061"]
[BlackElo "1789"]
[PlyCount "45"]
[EventDate "2015.10.24"]
[EventType "swiss"]
[EventRounds "9"]
[EventCountry "FRA"]
[SourceTitle "EXT 2019"]
[Source "ChessBase"]
[SourceDate "2018.10.10"]
[SourceVersion "1"]
[SourceVersionDate "2018.10.10"]
[SourceQuality "1"]

1. e4 e6 2. d4 d5 3. Nd2 c5 4. exd5 Qxd5 5. Ngf3 cxd4 6. Bc4 Qd6 7. 0-0 Nf6 8. Nb3 Nc6 9. Nbxd4 Nxd4 10. Nxd4 a6 11. c3 Qc7 12. Qe2 Bc5 13. Bg5 0-0 14. Rad1 e5 15. Bxf6 gxf6 16. Nc2 f5 17. Ne3 Be6 18. Nd5 Bxd5 19. Bxd5 e4 20. Qh5 Qc8 21. Qg5+ Kh8 22. Qf6+ Kg8 23. Bxe4 1-0